00287nam a2200121Ia 4500008004100000041000900041082001900050100001800069245002500087260003700112300000800149650000800157230718s9999 xx 000 0 und d aEng. a910.202bJED-G aJedny, Golgen 0aGuide to washing bos aPakistanbPersonal Bankingc1997 a408 aLaw